[Event "POL-chT 2nd League"]
[Site "Lublin"]
[Date "2006.09.07"]
[Round "6.74"]
[White "Kolasinski, Marek"]
[Black "Nguyen, Piotr"]
[Result "0-1"]
[WhiteElo "2231"]
[BlackElo "2162"]
[PlyCount "42"]
[EventDate "2006.09.02"]
[EventType "team-swiss"]
[EventRounds "9"]
[EventCountry "POL"]
[SourceTitle "EXT 2019"]
[Source "ChessBase"]
[SourceDate "2018.10.10"]
[SourceVersion "1"]
[SourceVersionDate "2018.10.10"]
[SourceQuality "1"]
[WhiteTeam "Warszawa Entropia"]
[BlackTeam "Milanowek UKS Jedwabnik"]
[WhiteTeamCountry "POL"]
[BlackTeamCountry "POL"]

1. d4 Nf6 2. c4 c5 3. Nf3 g6 4. Nc3 cxd4 5. Nxd4 Nc6 6. e4 Bg7 7. Be3 Ng4 8. Qxg4 Nxd4 9. Qd1 e5 10. Nb5 0-0 11. Bd3 Nxb5 12. cxb5 d5 13. exd5 Qxd5 14. 0-0 e4 15. Be2 Qxd1 16. Rfxd1 Bxb2 17. Rab1 Bg7 18. Rbc1 Be6 19. Rc7 b6 20. a4 Be5 21. Rb7 Rfe8 0-1

[Event "POL-chT 2nd League"]
[Site "Lublin"]
[Date "2006.09.02"]
[Round "1.50"]
[White "Blaszczak, Pawel"]
[Black "Kolasinski, Marek"]
[Result "1/2-1/2"]
[WhiteElo "2054"]
[BlackElo "2231"]
[PlyCount "47"]
[EventDate "2006.09.02"]
[EventType "team-swiss"]
[EventRounds "9"]
[EventCountry "POL"]
[SourceTitle "EXT 2019"]
[Source "ChessBase"]
[SourceDate "2018.10.10"]
[SourceVersion "1"]
[SourceVersionDate "2018.10.10"]
[SourceQuality "1"]
[WhiteTeam "Krakow Cracovia"]
[BlackTeam "Warszawa Entropia"]
[WhiteTeamCountry "POL"]
[BlackTeamCountry "POL"]

1. e4 e5 2. Nf3 d6 3. d4 exd4 4. Nxd4 Nf6 5. Nc3 g6 6. Bc4 Bg7 7. 0-0 0-0 8. f3 Nc6 9. Be3 Re8 10. Qd2 Nxd4 11. Bxd4 Be6 12. Bxe6 Rxe6 13. Rad1 a6 14. Nd5 Nxd5 15. Bxg7 Kxg7 16. exd5 Re8 17. Qd4+ Qf6 18. Qxf6+ Kxf6 19. Rfe1 a5 20. Kf2 b6 21. f4 h5 22. Kf3 Rad8 23. a4 Rb8 24. c4 1/2-1/2

[Event "Krakow op-A"]
[Site "Krakow"]
[Date "2000.12.29"]
[Round "3"]
[White "Kolasinski, Marek"]
[Black "Gritsak, Orest"]
[Result "0-1"]
[WhiteElo "2257"]
[BlackElo "2492"]
[PlyCount "96"]
[EventDate "2000.12.??"]
[EventType "swiss"]
[EventRounds "9"]
[EventCountry "POL"]
[SourceTitle "EXT 2005"]
[Source "ChessBase"]
[SourceDate "2004.11.15"]
[SourceVersion "1"]
[SourceVersionDate "2004.11.15"]
[SourceQuality "1"]

1. e4 c5 2. Nf3 Nc6 3. d4 cxd4 4. Nxd4 Qc7 5. Nc3 e6 6. Be2 a6 7. Be3 Nf6 8. a3 Be7 9. f4 d6 10. g4 d5 11. e5 Nd7 12. 0-0 0-0 13. Rf3 Bc5 14. b4 Bb6 15. Bf2 Nxd4 16. Bxd4 f6 17. exf6 Nxf6 18. Rf2 Bd7 19. g5 Rac8 20. gxf6 Bxd4 21. Qxd4 Qxc3 22. Qxc3 Rxc3 23. fxg7 Kxg7 24. Bd3 Bb5 25. Bxb5 axb5 26. a4 bxa4 27. Rxa4 Rc4 28. f5 Rxf5 29. Rxf5 exf5 30. Ra5 Rxb4 31. Rxd5 Kg6 32. Rc5 Kg5 33. Kg2 Kf4 34. Rc7 h6 35. Kf2 h5 36. h3 b5 37. Rc5 Rb2 38. Ke2 b4 39. Kd3 h4 40. Rb5 Kg3 41. Rxf5 Kxh3 42. Rg5 Kh2 43. Rg4 h3 44. Ke3 Rxc2 45. Rxb4 Kg3 46. Rb8 h2 47. Rg8+ Kh3 48. Rh8+ Kg2 0-1

[Event "POL-ch sf"]
[Site "Polanczyk"]
[Date "2000.11.09"]
[Round "6"]
[White "Barglowski, Filip"]
[Black "Kolasinski, Marek"]
[Result "1/2-1/2"]
[WhiteElo "2164"]
[BlackElo "2257"]
[PlyCount "28"]
[EventDate "2000.11.04"]
[EventType "swiss"]
[EventRounds "9"]
[EventCountry "POL"]
[SourceTitle "CBM 079 Extra"]
[Source "ChessBase"]
[SourceDate "2001.01.11"]
[SourceVersion "2"]
[SourceVersionDate "2001.01.25"]
[SourceQuality "1"]

1. e4 d5 2. exd5 Nf6 3. d4 Nxd5 4. Nf3 g6 5. Bc4 Bg7 6. 0-0 Nb6 7. Bb3 c5 8. dxc5 Qxd1 9. Rxd1 N6d7 10. c3 Nxc5 11. Bd5 Nc6 12. Be3 Na4 13. Bb3 Nb6 14. Nbd2 0-0 1/2-1/2

[Event "POL-ch sf"]
[Site "Polanczyk"]
[Date "2000.11.05"]
[Round "2"]
[White "Spicak, Krzysztof"]
[Black "Kolasinski, Marek"]
[Result "0-1"]
[WhiteElo "2124"]
[BlackElo "2257"]
[PlyCount "116"]
[EventDate "2000.11.04"]
[EventType "swiss"]
[EventRounds "9"]
[EventCountry "POL"]
[SourceTitle "CBM 079 Extra"]
[Source "ChessBase"]
[SourceDate "2001.01.11"]
[SourceVersion "2"]
[SourceVersionDate "2001.01.25"]
[SourceQuality "1"]

1. e4 d5 2. exd5 Nf6 3. Bb5+ Bd7 4. Bc4 Bg4 5. f3 Bf5 6. Nc3 Nbd7 7. d3 Nb6 8. g4 Bc8 9. Nge2 Nfxd5 10. Nxd5 Nxd5 11. Nf4 Nb6 12. Bb3 e5 13. Ng2 Bc5 14. Qe2 0-0 15. Be3 Bxe3 16. Nxe3 a5 17. a3 a4 18. Ba2 Qh4+ 19. Qf2 Qxf2+ 20. Kxf2 Ra5 21. Rhe1 Re8 22. Re2 Be6 23. Bxe6 Rxe6 24. Rae1 f6 25. c4 Rd6 26. Rd1 Rd7 27. Rc2 c6 28. Rc3 Ra8 29. Nf5 Rad8 30. Ke3 Na8 31. b3 Nc7 32. bxa4 Ra8 33. Rb1 Ne6 34. Ng3 Rxa4 35. Ne4 Kf8 36. Rcb3 Ra7 37. a4 Ke7 38. Rb4 g6 39. h4 f5 40. gxf5 gxf5 41. Ng5 Nc5 42. Rd1 h6 43. Nh3 Rxa4 44. Rxa4 Nxa4 45. Rg1 Nc5 46. Nf2 Rd4 47. Rh1 h5 48. Kd2 Kd6 49. Kc3 Rf4 50. Rh3 Ne6 51. Nd1 Nd4 52. Ne3 Ke6 53. c5 Rxf3 54. Rxf3 Nxf3 55. Nc4 Nxh4 56. Na5 Nf3 57. Nxb7 h4 58. Nd8+ Kd5 0-1

[Event "Warsaw-ch"]
[Site "Warsaw"]
[Date "1998.05.28"]
[Round "6"]
[White "Barwinski, Dionizy"]
[Black "Kolasinski, Marek"]
[Result "0-1"]
[WhiteElo "2190"]
[BlackElo "2280"]
[PlyCount "82"]
[EventDate "1998.??.??"]
[EventType "swiss"]
[EventRounds "9"]
[EventCountry "POL"]
[SourceTitle "EXT 2000"]
[Source "ChessBase"]
[SourceDate "1999.11.16"]
[SourceVersion "1"]
[SourceVersionDate "1999.11.16"]
[SourceQuality "1"]

1. d4 Nf6 2. c4 g6 3. Nc3 Bg7 4. Nf3 0-0 5. g3 d6 6. Bg2 a6 7. 0-0 Nc6 8. h3 e5 9. d5 Ne7 10. e4 Rb8 11. b4 b5 12. cxb5 axb5 13. Bg5 c6 14. dxc6 Nxc6 15. Nd5 Be6 16. a3 Bxd5 17. Bxf6 Bxf6 18. Qxd5 Ne7 19. Qd2 d5 20. exd5 e4 21. Ng5 Bxa1 22. Rxa1 Qxd5 23. Qxd5 Nxd5 24. Nxe4 Rfd8 25. Bf1 f5 26. Nc5 Kf7 27. Nb3 Ra8 28. Na5 Nc3 29. Kg2 Rd2 30. Nb3 Rb2 31. Nc5 Rxb4 32. Nd3 Rb1 33. Rxb1 Nxb1 34. Ne5+ Kf6 35. Nd7+ Ke7 36. Bxb5 Nxa3 37. Bc6 Ra6 38. Ne5 Kd6 39. Bb7 Ra7 40. Nf7+ Ke6 41. Ng5+ Kf6 0-1

[Event "Warsaw-ch"]
[Site "Warsaw"]
[Date "1998.05.27"]
[Round "5"]
[White "Kolasinski, Marek"]
[Black "Dryzek, Tadeusz"]
[Result "1-0"]
[WhiteElo "2280"]
[BlackElo "2105"]
[PlyCount "86"]
[EventDate "1998.??.??"]
[EventType "swiss"]
[EventRounds "9"]
[EventCountry "POL"]
[SourceTitle "EXT 2000"]
[Source "ChessBase"]
[SourceDate "1999.11.16"]
[SourceVersion "1"]
[SourceVersionDate "1999.11.16"]
[SourceQuality "1"]

1. e4 e6 2. d4 d5 3. Nc3 Nf6 4. e5 Nfd7 5. Nce2 c5 6. c3 Nc6 7. Nf3 Be7 8. h4 Qb6 9. g3 cxd4 10. cxd4 Bb4+ 11. Bd2 0-0 12. Bh3 f5 13. 0-0 Bxd2 14. Qxd2 Qb4 15. Rfc1 Qxd2 16. Nxd2 Nb6 17. f3 Bd7 18. Kf2 Rac8 19. Ke3 Nb4 20. Nc3 Na4 21. a3 Na6 22. Nxa4 Bxa4 23. Bf1 Nb8 24. Rc5 b6 25. Rcc1 Kf7 26. g4 fxg4 27. fxg4 Ke7 28. Bd3 h6 29. g5 Rh8 30. gxh6 gxh6 31. Rxc8 Rxc8 32. Rg1 Rf8 33. Rg6 h5 34. Nf3 Be8 35. Rh6 Nc6 36. Ng5 Nd8 37. Rh7+ Bf7 38. Bg6 Ke8 39. Nxf7 Nxf7 40. Bxh5 a6 41. Bg6 a5 42. h5 a4 43. Rxf7 Rxf7 1-0

[Event "POL-ch U26"]
[Site "Poland"]
[Date "1998.??.??"]
[Round "?"]
[White "Kolasinski, Marek"]
[Black "Delega, Tomasz"]
[Result "0-1"]
[WhiteElo "2280"]
[BlackElo "2075"]
[PlyCount "71"]
[EventDate "1998.??.??"]
[EventType "swiss"]
[EventRounds "9"]
[EventCountry "POL"]
[SourceTitle "EXT 2002"]
[Source "ChessBase"]
[SourceDate "2001.11.25"]
[SourceVersion "1"]
[SourceVersionDate "2001.11.25"]
[SourceQuality "1"]

1. Nf3 d5 2. c4 e6 3. d4 dxc4 4. e3 Nf6 5. Bxc4 c5 6. 0-0 a6 7. Qe2 b5 8. Bd3 Bb7 9. dxc5 b4 10. Rd1 Nfd7 11. e4 Bxc5 12. b3 e5 13. Bb2 Qe7 14. Nbd2 0-0 15. Nc4 Nc6 16. Ne3 Bxe3 17. Qxe3 h6 18. Bc4 Rfc8 19. Nh4 Nd4 20. Rxd4 exd4 21. Qxd4 Nf6 22. Nf5 Qxe4 23. Qxe4 Bxe4 24. Ne7+ Kf8 25. Nxc8 Rxc8 26. Rd1 a5 27. a3 bxa3 28. Bxa3+ Kg8 29. Rd4 Bf5 30. f3 Rb8 31. Bd6 Rc8 32. Kf2 Bc2 33. Rd2 Bf5 34. Ra2 Ne8 35. Bf4 Ra8 36. Bd2 0-1

[Event "Warsaw-ch"]
[Site "Warsaw"]
[Date "1997.??.??"]
[Round "4"]
[White "Czerwonski, Aleksander"]
[Black "Kolasinski, Marek"]
[Result "1-0"]
[WhiteElo "2405"]
[BlackElo "2275"]
[PlyCount "41"]
[EventDate "1997.??.??"]
[EventType "swiss"]
[EventRounds "9"]
[EventCountry "POL"]
[SourceTitle "EXT 2000"]
[Source "ChessBase"]
[SourceDate "1999.11.16"]
[SourceVersion "1"]
[SourceVersionDate "1999.11.16"]
[SourceQuality "1"]

1. d4 Nf6 2. c4 g6 3. Nc3 Bg7 4. e4 d6 5. f3 0-0 6. Bg5 c5 7. d5 h6 8. Be3 e6 9. Qd2 exd5 10. cxd5 h5 11. Nge2 Na6 12. Nc1 Nc7 13. Be2 Re8 14. 0-0 Rb8 15. a4 Bd7 16. N1a2 b5 17. b4 cxb4 18. Nxb4 a5 19. Nc6 Bxc6 20. dxc6 b4 21. Nb5 1-0

[Event "Warsaw-ch"]
[Site "Warsaw"]
[Date "1997.??.??"]
[Round "1"]
[White "Jaskowski, Tadeusz"]
[Black "Kolasinski, Marek"]
[Result "0-1"]
[WhiteElo "2070"]
[BlackElo "2275"]
[PlyCount "70"]
[EventDate "1997.??.??"]
[EventType "swiss"]
[EventRounds "9"]
[EventCountry "POL"]
[SourceTitle "EXT 2000"]
[Source "ChessBase"]
[SourceDate "1999.11.16"]
[SourceVersion "1"]
[SourceVersionDate "1999.11.16"]
[SourceQuality "1"]

1. e4 d5 2. e5 c5 3. f4 Nc6 4. c3 Bf5 5. d3 h5 6. Be2 e6 7. Nf3 Nh6 8. 0-0 Be7 9. Kh1 Bg4 10. Na3 Nf5 11. Nc2 d4 12. Ng1 Bxe2 13. Qxe2 Qd7 14. Nf3 0-0-0 15. c4 h4 16. Bd2 Rh6 17. Kg1 Rdh8 18. Be1 f6 19. Rd1 Bd8 20. a3 Bc7 21. b4 fxe5 22. fxe5 Rh5 23. bxc5 g5 24. Qe4 g4 25. Qxg4 Bxe5 26. Rb1 Bb8 27. Kf2 R5h7 28. Qe4 Rg7 29. Bd2 Rhg8 30. Rg1 Rg4 31. Qe2 Bf4 32. Bxf4 Rxf4 33. Rbe1 e5 34. Nb4 Ne3 35. g3 Qh3 0-1

[Event "Warsaw-ch"]
[Site "Warsaw"]
[Date "1997.??.??"]
[Round "8"]
[White "Kolasinski, Marek"]
[Black "Adamski, Jan"]
[Result "1/2-1/2"]
[WhiteElo "2275"]
[BlackElo "2405"]
[PlyCount "69"]
[EventDate "1997.??.??"]
[EventType "swiss"]
[EventRounds "9"]
[EventCountry "POL"]
[SourceTitle "EXT 2000"]
[Source "ChessBase"]
[SourceDate "1999.11.16"]
[SourceVersion "1"]
[SourceVersionDate "1999.11.16"]
[SourceQuality "1"]

1. e4 c5 2. Nf3 e6 3. d3 Nc6 4. g3 Nge7 5. Bg2 g6 6. 0-0 Bg7 7. c3 e5 8. Nbd2 d6 9. Rb1 0-0 10. a3 b5 11. b4 cxb4 12. axb4 a5 13. bxa5 Qxa5 14. Bb2 Qb6 15. Ra1 Bd7 16. Ba3 Qc7 17. Qb1 Rfb8 18. Rc1 Ra4 19. Qc2 Rba8 20. Bb2 Rxa1 21. Rxa1 Rxa1+ 22. Bxa1 Qa7 23. Bb2 h6 24. Bf1 Be6 25. Be2 Nc8 26. h4 Qa2 27. Qc1 Nb6 28. Ba3 d5 29. exd5 Nxd5 30. d4 exd4 31. cxd4 Nxd4 32. Nxd4 Bxd4 33. Bxb5 Nc3 34. Bf1 Bd5 35. Bc5 1/2-1/2

[Event "Warsaw-ch"]
[Site "Warsaw"]
[Date "1997.??.??"]
[Round "2"]
[White "Kolasinski, Marek"]
[Black "Berezin, Oleg"]
[Result "1-0"]
[WhiteElo "2275"]
[BlackElo "2445"]
[PlyCount "71"]
[EventDate "1997.??.??"]
[EventType "swiss"]
[EventRounds "9"]
[EventCountry "POL"]
[SourceTitle "EXT 2000"]
[Source "ChessBase"]
[SourceDate "1999.11.16"]
[SourceVersion "1"]
[SourceVersionDate "1999.11.16"]
[SourceQuality "1"]

1. e4 c5 2. Nf3 d6 3. d4 cxd4 4. Nxd4 Nf6 5. Nc3 a6 6. Bg5 e6 7. Qf3 Nbd7 8. 0-0-0 Be7 9. Qh3 Qc7 10. f4 b5 11. Bd3 b4 12. Nce2 Nc5 13. Ng3 Bb7 14. Rhe1 Rc8 15. Kb1 Nxd3 16. cxd3 Qd7 17. Nh5 Nxh5 18. Qxh5 Rc5 19. f5 0-0 20. Re3 Bxg5 21. Qxg5 exf5 22. Nxf5 f6 23. Qf4 Re5 24. d4 Re6 25. Qg4 Bc8 26. Rc1 Kh8 27. d5 Re5 28. Qf3 Rfe8 29. Re2 Kg8 30. Ng3 Qb5 31. Rec2 Bd7 32. Rc7 R5e7 33. h4 a5 34. h5 h6 35. Qb3 Bg4 36. Qc4 1-0

[Event "Warsaw-ch"]
[Site "Warsaw"]
[Date "1997.??.??"]
[Round "3"]
[White "Kolasinski, Marek"]
[Black "Shilov, Sergej"]
[Result "1/2-1/2"]
[WhiteElo "2275"]
[BlackElo "2345"]
[PlyCount "49"]
[EventDate "1997.??.??"]
[EventType "swiss"]
[EventRounds "9"]
[EventCountry "POL"]
[SourceTitle "EXT 2000"]
[Source "ChessBase"]
[SourceDate "1999.11.16"]
[SourceVersion "1"]
[SourceVersionDate "1999.11.16"]
[SourceQuality "1"]

1. e4 e5 2. Nf3 Nc6 3. Bc4 Nf6 4. d3 h6 5. Nc3 d6 6. a3 g6 7. Be3 Bg7 8. h3 a6 9. Qd2 b5 10. Bb3 Na5 11. Ba2 c5 12. b4 cxb4 13. axb4 Nc6 14. Nd5 Nxd5 15. Bxd5 Bb7 16. d4 exd4 17. Nxd4 Qd7 18. f4 0-0 19. 0-0 Nxd4 20. Bxd4 Rac8 21. f5 Rxc2 22. Qd3 Bxd4+ 23. Qxd4 Bxd5 24. Qxd5 Qc6 25. fxg6 1/2-1/2

[Event "Warsaw-ch"]
[Site "Warsaw"]
[Date "1997.??.??"]
[Round "7"]
[White "Kopylov, Michael"]
[Black "Kolasinski, Marek"]
[Result "1/2-1/2"]
[WhiteElo "2365"]
[BlackElo "2275"]
[PlyCount "49"]
[EventDate "1997.??.??"]
[EventType "swiss"]
[EventRounds "9"]
[EventCountry "POL"]
[SourceTitle "EXT 2000"]
[Source "ChessBase"]
[SourceDate "1999.11.16"]
[SourceVersion "1"]
[SourceVersionDate "1999.11.16"]
[SourceQuality "1"]

1. d4 f5 2. h3 g6 3. g4 e6 4. Nf3 Bg7 5. Nc3 d5 6. Bf4 Nf6 7. Nb5 Na6 8. e3 0-0 9. gxf5 exf5 10. c4 Ne4 11. cxd5 g5 12. Nxg5 Nxg5 13. Rg1 Nf7 14. Rc1 Bd7 15. Nxc7 Nxc7 16. Rxc7 Rc8 17. d6 Rxc7 18. dxc7 Qe7 19. Qb3 Kh8 20. Qxb7 Bxd4 21. Bc4 Bf6 22. Qxa7 Bc8 23. b3 Be5 24. Bxe5+ Qxe5 25. Ke2 1/2-1/2

[Event "Jaroslawiec op"]
[Site "Jaroslawiec"]
[Date "1997.??.??"]
[Round "?"]
[White "Markowski, Tomasz"]
[Black "Kolasinski, Marek"]
[Result "1-0"]
[WhiteElo "2510"]
[BlackElo "2275"]
[PlyCount "35"]
[EventDate "1997.??.??"]
[EventType "swiss"]
[EventRounds "9"]
[EventCountry "POL"]
[SourceTitle "EXT 2003"]
[Source "ChessBase"]
[SourceDate "2002.11.25"]
[SourceVersion "1"]
[SourceVersionDate "2002.11.25"]
[SourceQuality "1"]

1. g3 d5 2. Nf3 c6 3. Bg2 Bg4 4. 0-0 Nd7 5. d4 e6 6. Nbd2 f5 7. c4 Bd6 8. Qb3 Rb8 9. Re1 Nh6 10. h3 Bh5 11. cxd5 cxd5 12. e4 fxe4 13. Nxe4 dxe4 14. Qxe6+ Qe7 15. Rxe4 Bxf3 16. Bxf3 Kd8 17. Qd5 Qf8 18. Bg5+ 1-0

[Event "Warsaw-ch"]
[Site "Warsaw"]
[Date "1997.??.??"]
[Round "6"]
[White "Staniszewski, Piotr"]
[Black "Kolasinski, Marek"]
[Result "1/2-1/2"]
[WhiteElo "2440"]
[BlackElo "2275"]
[PlyCount "37"]
[EventDate "1997.??.??"]
[EventType "swiss"]
[EventRounds "9"]
[EventCountry "POL"]
[SourceTitle "EXT 2000"]
[Source "ChessBase"]
[SourceDate "1999.11.16"]
[SourceVersion "1"]
[SourceVersionDate "1999.11.16"]
[SourceQuality "1"]

1. d4 f5 2. g3 Nf6 3. Bg2 e6 4. Nf3 d5 5. 0-0 Bd6 6. c4 c6 7. b3 Qe7 8. Nbd2 b6 9. Bb2 Bb7 10. Ne5 0-0 11. Rc1 a5 12. Qc2 Na6 13. cxd5 cxd5 14. Qb1 Rac8 15. Rxc8 Rxc8 16. Rc1 Rc7 17. f3 Rxc1+ 18. Qxc1 Qc7 19. Qxc7 1/2-1/2

[Event "Augustow op-A"]
[Site "Augustow"]
[Date "1996.??.??"]
[Round "?"]
[White "Ostrowski, Andrzej"]
[Black "Kolasinski, Marek"]
[Result "0-1"]
[WhiteElo "2265"]
[BlackElo "2265"]
[PlyCount "102"]
[EventDate "1996.??.??"]
[EventType "swiss"]
[EventRounds "9"]
[EventCountry "POL"]
[SourceTitle "EXT 2003"]
[Source "ChessBase"]
[SourceDate "2002.11.25"]
[SourceVersion "1"]
[SourceVersionDate "2002.11.25"]
[SourceQuality "1"]

1. d4 e6 2. c4 c5 3. d5 exd5 4. cxd5 d6 5. Nc3 g6 6. e4 a6 7. a4 Bg7 8. h3 Ne7 9. Nf3 h6 10. Bf4 g5 11. Bg3 Ng6 12. Qd2 Qe7 13. Be2 Nd7 14. 0-0 0-0 15. Rab1 Nde5 16. b4 b6 17. a5 cxb4 18. Rxb4 Nxf3+ 19. Bxf3 b5 20. Na2 Bd7 21. Rbb1 Rfc8 22. Rbc1 Ne5 23. Be2 Nc4 24. Bxc4 bxc4 25. Rfe1 Rab8 26. Rc2 Ba4 27. Nc3 Bxc2 28. Qxc2 Be5 29. Re3 Rb3 30. Nd1 Rxe3 31. Nxe3 Bxg3 32. fxg3 c3 33. Nf5 Qf6 34. Kh2 Kf8 35. e5 Qxe5 36. Nxh6 Rc5 37. Qf2 Qxd5 38. Qf6 Qe6 39. Qh8+ Ke7 40. Ng8+ Kd7 41. Nf6+ Kc7 42. Ne8+ Kb7 43. Ng7 Qd7 44. Ne8 c2 45. Qb2+ Rb5 46. Nxd6+ Qxd6 47. Qxc2 Qd5 48. Qe2 Rxa5 49. Qe7+ Kb6 50. Qe3+ Rc5 51. Qf2 a5 0-1

[Event "POL"]
[Site "Poland"]
[Date "1994.??.??"]
[Round "?"]
[White "Bednarski, Jacek B"]
[Black "Kolasinski, Marek"]
[Result "0-1"]
[WhiteElo "2300"]
[BlackElo "2260"]
[PlyCount "37"]
[EventDate "1994.??.??"]
[EventType "game"]
[EventRounds "1"]
[EventCountry "POL"]
[SourceTitle "CBM 044"]
[Source "ChessBase"]
[SourceDate "1995.02.01"]
[SourceVersion "1"]
[SourceVersionDate "1995.02.01"]
[SourceQuality "1"]

1. e4 d5 2. exd5 Nf6 3. c4 e6 4. dxe6 Bxe6 5. d4 Bb4+ 6. Bd2 Bxd2+ 7. Qxd2 Qe7 8. Qe3 Ng4 9. Qa3 Qh4 10. g3 Qf6 11. f3 Nc6 12. fxg4 Nxd4 13. Qc3 0-0-0 14. Be2 Rhe8 15. h4 Bxc4 16. Qxc4 Nxe2 17. Nxe2 Qxb2 18. 0-0 Rxe2 19. Rc1 0-1

[Event "Wisla BES op"]
[Site "Wisla"]
[Date "1992.??.??"]
[Round "6"]
[White "Kolasinski, Marek"]
[Black "Chekhov, Valery A"]
[Result "1/2-1/2"]
[WhiteElo "2315"]
[BlackElo "2550"]
[PlyCount "96"]
[EventDate "1992.??.??"]
[EventType "swiss"]
[EventRounds "9"]
[EventCountry "POL"]
[SourceTitle "TD"]
[Source "ChessBase"]
[SourceDate "1994.03.01"]
[SourceVersion "1"]
[SourceVersionDate "1994.03.01"]
[SourceQuality "1"]

1. e4 c5 2. Nf3 Nc6 3. d4 cxd4 4. Nxd4 Nf6 5. Nc3 e5 6. Ndb5 d6 7. Nd5 Nxd5 8. exd5 Nb8 9. c4 Be7 10. Bd3 a6 11. Nc3 0-0 12. 0-0 f5 13. f3 Bg5 14. Kh1 Nd7 15. b4 a5 16. a3 e4 17. fxe4 axb4 18. Bxg5 Qxg5 19. axb4 Rxa1 20. Qxa1 Ne5 21. Be2 f4 22. Qc1 Bg4 23. c5 Qh5 24. Qd1 f3 25. gxf3 Rxf3 26. Bxf3 Bxf3+ 27. Rxf3 Nxf3 28. Qe2 Qg4 29. Qg2 Qf4 30. Ne2 Qxe4 31. Ng1 Qxb4 32. Qxf3 Qxc5 33. Qe4 h6 34. Kg2 b5 35. Nf3 b4 36. Qe8+ Kh7 37. Qc6 Kg6 38. Qe8+ Kh7 39. Qe4+ Kg8 40. Qd3 Qc1 41. Nd2 Qd1 42. Qe3 b3 43. Nxb3 Qxd5+ 44. Kg1 g5 45. Nd4 Kg7 46. Kf2 Kf6 47. Qf3+ Qxf3+ 48. Kxf3 d5 1/2-1/2

[Event "Wisla BES op"]
[Site "Wisla"]
[Date "1992.??.??"]
[Round "7"]
[White "Kolasinski, Marek"]
[Black "Nikolenko, Oleg"]
[Result "1/2-1/2"]
[WhiteElo "2315"]
[BlackElo "2465"]
[PlyCount "89"]
[EventDate "1992.??.??"]
[EventType "swiss"]
[EventRounds "9"]
[EventCountry "POL"]
[SourceTitle "TD"]
[Source "ChessBase"]
[SourceDate "1994.03.01"]
[SourceVersion "1"]
[SourceVersionDate "1994.03.01"]
[SourceQuality "1"]

1. e4 e6 2. d4 d5 3. Nc3 Nf6 4. e5 Nfd7 5. f4 c5 6. Nf3 Nc6 7. Be3 cxd4 8. Nxd4 Qb6 9. Qd2 Qxb2 10. Rb1 Qa3 11. Bb5 Nxd4 12. Bxd4 Bb4 13. 0-0 0-0 14. Rf3 Bc5 15. Ne2 Qxa2 16. Rbf1 b6 17. f5 exf5 18. Rxf5 Bxd4+ 19. Nxd4 Nc5 20. R5f3 Be6 21. Qc1 a6 22. Ra3 axb5 23. Rxa2 Rxa2 24. Nxb5 Ra4 25. Nd6 d4 26. Qg5 h6 27. Qd2 Rfa8 28. h3 Nd7 29. Rf4 Nxe5 30. Rxd4 Ra1+ 31. Kh2 R8a3 32. Qf4 Ng6 33. Qf2 R3a2 34. Nf5 Rc1 35. Rd8+ Kh7 36. Nd4 Raa1 37. Nxe6 fxe6 38. Qf7 h5 39. Qg8+ Kh6 40. Qxe6 Rh1+ 41. Kg3 h4+ 42. Kg4 Ra4+ 43. Kf3 Rf4+ 44. Ke2 Rhf1 45. Kd2 1/2-1/2